United States True or False? - Statistics

General Stats
  • This quiz has been taken 361 times
    307 since last reset
  • The average score is 11 of 15
Answer Stats
Question Answer % Correct
New York City is the capital of the United States False
97%
Abraham Lincoln was the first U.S. president False
91%
In the state of Montana, cows and humans have a 3:1 ratio True
91%
The United States is the most visited country in the world by JetPunkers True
91%
The name of the American national anthem is "America The Beautiful" False
89%
There are 13 stripes on the U.S. flag, representing the original 13 colonies of the country True
89%
The United States is bigger in area than Canada False
86%
One third of the American population is obese True
86%
Boston is the largest city in New England True
80%
The United States touches all five Great Lakes True
71%
The United States has reported the highest temperature on the Earth's surface True
57%
The United States has the most nuclear weapons in the world False
51%
English is the official language of the United States False
43%
Venus Flytraps are not native to the U.S. False
31%
The United States is home to the largest film industry in the world False
20%
No matching quizzes found
Score Distribution
Percent of People with Each Score
Percentile by Number Answered
Your Score History
You have not taken this quiz since the last reset